[Event "Titled Tuesday intern op 30th May Late"]
[Site "Chess.com INT"]
[Date "2023.05.30"]
[Round "3"]
[White "Dragomirescu, Calin"]
[Black "Moral Garcia, Serafin"]
[Result "0-1"]
[WhiteElo "1973"]
[BlackElo "2238"]
[PlyCount "42"]
[EventDate "2023.05.30"]
[EventType "swiss (blitz)"]
[EventRounds "11"]
[EventCountry "USA"]
[SourceTitle "CBM 214 Extra"]
[Source "ChessBase"]
[SourceDate "2023.07.31"]
[SourceVersion "1"]
[SourceVersionDate "2023.07.31"]
[SourceQuality "1"]

1. d4 Nf6 2. Nf3 g6 3. c4 Bg7 4. Nc3 d5 5. cxd5 Nxd5 6. e4 Nxc3 7. bxc3 c5 8. Rb1 0-0 9. Be2 Nc6 10. d5 Ne5 11. Nxe5 Bxe5 12. Bd2 Qd6 13. g3 f5 14. f4 Bg7 15. exf5 Bxf5 16. Rxb7 Qxd5 17. Bf3 Be4 18. Rd7 Qxd7 19. Bxe4 Rab8 20. 0-0 Rfd8 21. Be3 Qxd1 0-1

[Event "Titled Tuesday intern op 30th May Late"]
[Site "Chess.com INT"]
[Date "2023.05.30"]
[Round "10"]
[White "Kaplan, Avi Harrison"]
[Black "Dragomirescu, Calin"]
[Result "1-0"]
[WhiteElo "2146"]
[BlackElo "1973"]
[PlyCount "73"]
[EventDate "2023.05.30"]
[EventType "swiss (blitz)"]
[EventRounds "11"]
[EventCountry "USA"]
[SourceTitle "CBM 214 Extra"]
[Source "ChessBase"]
[SourceDate "2023.07.31"]
[SourceVersion "1"]
[SourceVersionDate "2023.07.31"]
[SourceQuality "1"]

1. b3 d5 2. Bb2 Bg4 3. Nf3 Bxf3 4. exf3 Nf6 5. Bd3 e6 6. 0-0 Bd6 7. Re1 0-0 8. c4 c6 9. Bc2 Qc7 10. h3 a5 11. Nc3 Na6 12. Ne2 Nb4 13. Bxf6 gxf6 14. Bb1 dxc4 15. bxc4 f5 16. a3 Na6 17. d4 Be7 18. Qd2 Bf6 19. Bc2 Rad8 20. Qe3 Rfe8 21. Rab1 Qe7 22. Red1 Rd7 23. Ng3 Red8 24. Nh5 Bg5 25. f4 Bh6 26. Ba4 Qh4 27. Qf3 Rxd4 28. Rxd4 Rxd4 29. Rxb7 Nc5 30. Rb8+ Rd8 31. Rxd8+ Qxd8 32. Bxc6 Qd6 33. Bb5 Ne4 34. Kh2 Kf8 35. Ba4 Nc5 36. Qa8+ Ke7 37. Qe8# 1-0

[Event "Titled Tuesday intern op 09th May Late"]
[Site "Chess.com INT"]
[Date "2023.05.09"]
[Round "4"]
[White "Dragomirescu, Calin"]
[Black "Haszon, David"]
[Result "0-1"]
[WhiteElo "1973"]
[BlackElo "2264"]
[PlyCount "152"]
[EventDate "2023.05.09"]
[EventType "swiss (blitz)"]
[EventRounds "11"]
[EventCountry "USA"]
[SourceTitle "CBM 214 Extra"]
[Source "ChessBase"]
[SourceDate "2023.07.31"]
[SourceVersion "1"]
[SourceVersionDate "2023.07.31"]
[SourceQuality "1"]

1. d4 Nf6 2. Nf3 e6 3. g3 d5 4. c4 Be7 5. Bg2 0-0 6. 0-0 c6 7. Qc2 Nbd7 8. Nbd2 Qa5 9. e4 dxe4 10. Nxe4 Nxe4 11. Qxe4 Nf6 12. Qc2 Rd8 13. Bd2 Qa6 14. b3 b5 15. Bf4 Bb7 16. c5 Nd5 17. Bg5 Bf6 18. Bxf6 Nxf6 19. Rad1 b4 20. Rfe1 Qa5 21. h4 Qc7 22. Ne5 a5 23. Nc4 Ba6 24. Nd6 Ne8 25. Ne4 Rd7 26. Ng5 Nf6 27. Re5 Rad8 28. Nf3 Rd5 29. h5 h6 30. Rxd5 exd5 31. Ne5 Nd7 32. f4 Nxe5 33. fxe5 Qe7 34. Qd2 f6 35. Qf4 fxe5 36. dxe5 Qxc5+ 37. Kh2 Rf8 38. Qg4 Qe7 39. Qd4 Bc8 40. Rd2 Qg5 41. Rc2 Qxh5+ 42. Kg1 Qg6 43. Rxc6 Qb1+ 44. Kh2 Kh8 45. e6 Qe1 46. Qxd5 Re8 47. Qc5 Bxe6 48. Qxa5 Qe2 49. Qa6 Bd5 50. Qxe2 Rxe2 51. Rc8+ Kh7 52. Kh3 Bxg2+ 53. Kg4 Bd5 54. Kf4 Rxa2 55. Rc5 Bxb3 56. Rb5 Bf7 57. Rxb4 Bg6 58. g4 Rf2+ 59. Kg3 Rf8 60. Rb6 Bf7 61. Rb7 g6 62. Rb6 Kg7 63. Rb7 h5 64. gxh5 gxh5 65. Kh4 Re8 66. Kg5 Re5+ 67. Kh4 Re4+ 68. Kg5 Re5+ 69. Kh4 Re6 70. Kg5 Rf6 71. Kh4 Kg6 72. Rb2 Rf4+ 73. Kg3 Rg4+ 74. Kh3 Be6 75. Rb6 Kf6 76. Ra6 Ra4+ 0-1

[Event "Titled Tuesday intern op 09th May Late"]
[Site "Chess.com INT"]
[Date "2023.05.09"]
[Round "10"]
[White "Dragomirescu, Calin"]
[Black "Van Baar, Esper"]
[Result "1-0"]
[WhiteElo "1973"]
[BlackElo "2180"]
[PlyCount "69"]
[EventDate "2023.05.09"]
[EventType "swiss (blitz)"]
[EventRounds "11"]
[EventCountry "USA"]
[SourceTitle "CBM 214 Extra"]
[Source "ChessBase"]
[SourceDate "2023.07.31"]
[SourceVersion "1"]
[SourceVersionDate "2023.07.31"]
[SourceQuality "1"]

1. Nf3 c5 2. g3 g6 3. Bg2 Bg7 4. 0-0 Nf6 5. c4 0-0 6. Nc3 Nc6 7. b3 d6 8. Bb2 e5 9. d3 Be6 10. Nd2 Rc8 11. Nd5 Qd7 12. a3 a5 13. Bc3 Bxd5 14. cxd5 Ne7 15. e4 b6 16. b4 axb4 17. axb4 Ra8 18. Nc4 b5 19. Rxa8 Rxa8 20. Nb6 Qb7 21. Nxa8 Qxa8 22. bxc5 dxc5 23. Bxe5 Nd7 24. Bxg7 Kxg7 25. Qa1+ Qxa1 26. Rxa1 Ne5 27. Bf1 b4 28. f4 Nf3+ 29. Kg2 Nd4 30. Kf2 Nc8 31. Ra8 Nb6 32. Rb8 Na4 33. d6 b3 34. d7 Nc6 35. Rxb3 1-0

[Event "Titled Tuesday intern op 09th May Late"]
[Site "Chess.com INT"]
[Date "2023.05.09"]
[Round "11"]
[White "Skaric, Djuro"]
[Black "Dragomirescu, Calin"]
[Result "0-1"]
[WhiteElo "2334"]
[BlackElo "1973"]
[PlyCount "64"]
[EventDate "2023.05.09"]
[EventType "swiss (blitz)"]
[EventRounds "11"]
[EventCountry "USA"]
[SourceTitle "CBM 214 Extra"]
[Source "ChessBase"]
[SourceDate "2023.07.31"]
[SourceVersion "1"]
[SourceVersionDate "2023.07.31"]
[SourceQuality "1"]

1. d3 g6 2. g3 Bg7 3. Nc3 Nf6 4. e4 d6 5. f4 c5 6. Nf3 Nc6 7. Bg2 0-0 8. 0-0 Rb8 9. h3 b5 10. g4 b4 11. Ne2 e6 12. Ng3 Nd7 13. h4 a5 14. h5 Nd4 15. Ng5 Nb6 16. Be3 Ba6 17. Rf2 a4 18. Rb1 Nb5 19. f5 a3 20. fxg6 fxg6 21. Nxe6 Qh4 22. Nxf8 Rxf8 23. hxg6 Qxg3 24. gxh7+ Kh8 25. Rxf8+ Bxf8 26. Bf2 Qf4 27. d4 cxd4 28. bxa3 Bg7 29. Rxb4 Be5 30. a4 Nc3 31. Qd3 Bxd3 32. cxd3 Nbxa4 0-1

[Event "ROM-ch Amateurs"]
[Site "Sebes"]
[Date "2023.02.26"]
[Round "9"]
[White "Iustin, Silviu"]
[Black "Dragomirescu, Calin"]
[Result "0-1"]
[WhiteElo "2085"]
[BlackElo "1971"]
[PlyCount "68"]
[EventDate "2023.02.21"]
[EventType "swiss"]
[EventRounds "9"]
[EventCountry "ROU"]
[SourceTitle "CBM 213 Extra"]
[Source "ChessBase"]
[SourceDate "2023.05.31"]
[SourceVersion "1"]
[SourceVersionDate "2023.05.31"]
[SourceQuality "1"]

1. e4 g6 2. d4 Bg7 3. Nc3 d6 4. f4 Nf6 5. Nf3 0-0 6. Bd3 Na6 7. 0-0 c5 8. d5 Bg4 9. Qe1 Nb4 10. a3 Nxd3 11. cxd3 Bxf3 12. Rxf3 Rb8 13. Rh3 h5 14. Nd1 Ng4 15. Ne3 Nxe3 16. Bxe3 Bxb2 17. Rb1 Bg7 18. Qe2 e6 19. dxe6 fxe6 20. g4 Bd4 21. Bxd4 cxd4 22. gxh5 Rxf4 23. hxg6 Qg5+ 24. Rg3 Qe5 25. Qg2 Qh5 26. g7 Rc8 27. Qb2 Rc7 28. a4 Rf3 29. Rg2 Rxd3 30. Rf1 Rd1 31. Qxd4 Rxf1+ 32. Kxf1 Qf3+ 33. Ke1 Rc1+ 34. Kd2 Rd1+ 0-1

[Event "ROM-chT Rapid"]
[Site "Sebes"]
[Date "2022.12.03"]
[Round "8.3"]
[White "Gavrilescu, David"]
[Black "Dragomirescu, Calin"]
[Result "1-0"]
[WhiteElo "2522"]
[BlackElo "1971"]
[PlyCount "43"]
[EventDate "2022.12.03"]
[EventType "team-swiss (rapid)"]
[EventRounds "8"]
[EventCountry "ROU"]
[SourceTitle "CBM 211 Extra"]
[Source "ChessBase"]
[SourceDate "2023.01.31"]
[SourceVersion "1"]
[SourceVersionDate "2023.01.31"]
[SourceQuality "1"]
[WhiteTeam "Superbet ASE"]
[BlackTeam "Family Giroc"]
[WhiteTeamCountry "ROU"]
[BlackTeamCountry "ROU"]

1. Nc3 g6 2. e4 Bg7 3. d4 d6 4. f4 Nf6 5. Bd3 Na6 6. Nf3 0-0 7. 0-0 c5 8. d5 Rb8 9. Qe2 Nc7 10. a4 e6 11. dxe6 Nxe6 12. Bc4 b6 13. Rd1 Qe7 14. Nd5 Qb7 15. Nxf6+ Bxf6 16. Rxd6 Bd4+ 17. Kh1 Qc7 18. e5 Bb7 19. c3 Rbe8 20. Bxe6 Qxd6 21. exd6 Rxe6 22. Ne5 1-0

[Event "Sebes Romanian Rapid op"]
[Site "Sebes"]
[Date "2022.12.02"]
[Round "8"]
[White "Cosma, Elena Luminita"]
[Black "Dragomirescu, Calin"]
[Result "1-0"]
[WhiteElo "2244"]
[BlackElo "1971"]
[PlyCount "127"]
[EventDate "2022.12.02"]
[EventType "swiss (rapid)"]
[EventRounds "8"]
[EventCountry "ROU"]
[SourceTitle "CBM 211 Extra"]
[Source "ChessBase"]
[SourceDate "2023.01.31"]
[SourceVersion "1"]
[SourceVersionDate "2023.01.31"]
[SourceQuality "1"]

1. d4 g6 2. e4 Bg7 3. Nc3 d6 4. Be3 a6 5. a4 Nf6 6. h3 0-0 7. Nf3 d5 8. exd5 Nxd5 9. Nxd5 Qxd5 10. Be2 c5 11. c3 cxd4 12. Nxd4 e5 13. Nf3 Qxd1+ 14. Rxd1 Nc6 15. Bc5 Re8 16. Bc4 h6 17. 0-0 Bf5 18. Rd2 Rac8 19. b4 e4 20. Nd4 Nxd4 21. cxd4 b6 22. Bxa6 bxc5 23. Bxc8 Rxc8 24. bxc5 Bd7 25. a5 Bb5 26. Rb1 Bd3 27. Rb4 Rd8 28. c6 Rc8 29. a6 Bxa6 30. Rc2 Bd3 31. Rc1 Bf8 32. Rb7 Kg7 33. c7 Bd6 34. Rc6 Bf4 35. g3 Bd2 36. Rb8 Rxc7 37. Rxc7 e3 38. fxe3 Bxe3+ 39. Kh2 Bxd4 40. Rd7 Be5 41. Re8 Bb5 42. Rxf7+ Kxf7 43. Rxe5 Bd3 44. Rd5 Be4 45. Rd4 Bf5 46. g4 Be6 47. Kg3 g5 48. Rd6 Ke7 49. Ra6 Kf7 50. Kf2 h5 51. gxh5 Bxh3 52. Rg6 Bf5 53. Rxg5 Kf6 54. Rg1 Be6 55. h6 Bf5 56. Rg7 Bb1 57. Ke3 Bc2 58. Kd4 Bb1 59. Kc5 Bc2 60. Kd6 Bf5 61. Kc7 Bc2 62. Kd7 Ba4+ 63. Kd8 Bb5 64. Rg3 1-0

[Event "ROM-ch"]
[Site "Eforie Nord"]
[Date "2022.02.22"]
[Round "3"]
[White "Butolo, Alexandru Mircea"]
[Black "Dragomirescu, Calin"]
[Result "1/2-1/2"]
[WhiteElo "1850"]
[BlackElo "2092"]
[PlyCount "103"]
[EventDate "2022.02.20"]
[EventType "swiss"]
[EventRounds "9"]
[EventCountry "ROU"]
[SourceTitle "CBM 207 Extra"]
[Source "ChessBase"]
[SourceDate "2022.05.31"]
[SourceVersion "1"]
[SourceVersionDate "2022.05.31"]
[SourceQuality "1"]

1. e4 Nf6 2. e5 Nd5 3. d4 d6 4. Nf3 dxe5 5. dxe5 e6 6. Be2 Be7 7. 0-0 0-0 8. a3 c5 9. c4 Nb6 10. Be3 Qxd1 11. Rxd1 Bd7 12. b3 Bc6 13. Nbd2 Na6 14. Ne1 Rad8 15. f3 h6 16. Nd3 Rd7 17. Ne4 Bxe4 18. fxe4 Bg5 19. Bf2 Rc7 20. h4 Be7 21. Rac1 Rd8 22. b4 cxb4 23. c5 Nxc5 24. Nxc5 Rxd1+ 25. Bxd1 bxa3 26. Bb3 Nd7 27. Nd3 Rxc1+ 28. Nxc1 a5 29. Ba4 Nxe5 30. Bb5 Ng4 31. Bb6 Bxh4 32. Bxa5 Bf2+ 33. Kf1 Bd4 34. Ke2 Bb2 35. Na2 g5 36. Bc4 Kg7 37. Bc3+ Kg6 38. Bxb2 axb2 39. Nc3 Ne5 40. Ba2 h5 41. Ke3 g4 42. Nd1 Kg5 43. Nxb2 h4 44. Nc4 Nxc4+ 45. Bxc4 h3 46. gxh3 gxh3 47. Kf3 h2 48. Kg2 Kf4 49. Bd3 Ke3 50. Bb1 b5 51. Kxh2 Kf4 52. Kg2 1/2-1/2

[Event "Titled Tuesday intern op 26th Jan"]
[Site "Chess.com INT"]
[Date "2021.01.26"]
[Round "2"]
[White "Dragomirescu, Calin"]
[Black "Barp, Alberto"]
[Result "0-1"]
[WhiteElo "2064"]
[BlackElo "2361"]
[PlyCount "48"]
[EventDate "2021.01.26"]
[EventType "swiss (blitz)"]
[EventRounds "11"]
[EventCountry "USA"]
[SourceTitle "CBM 200 Extra"]
[Source "ChessBase"]
[SourceDate "2021.03.31"]
[SourceVersion "1"]
[SourceVersionDate "2021.03.31"]
[SourceQuality "1"]

1. Nf3 d5 2. c4 c6 3. d4 Nf6 4. e3 e6 5. b3 Nbd7 6. Bb2 Bd6 7. Bd3 0-0 8. Nbd2 b6 9. 0-0 c5 10. Ne5 Bb7 11. f4 cxd4 12. exd4 Ne4 13. Ndf3 f6 14. Nxd7 Qxd7 15. g3 Kh8 16. Qe2 Qf7 17. Nd2 Nxd2 18. Qxd2 dxc4 19. Bxc4 Qg6 20. Rae1 e5 21. dxe5 Bc5+ 22. Rf2 Rad8 23. Qe2 fxe5 24. Bxe5 Qc6 0-1

[Event "Titled Tuesday intern op 12th May"]
[Site "Chess.com INT"]
[Date "2020.05.12"]
[Round "5"]
[White "Mujumdar, Sameer Suhas"]
[Black "Dragomirescu, Calin"]
[Result "1-0"]
[WhiteElo "2028"]
[BlackElo "2064"]
[PlyCount "63"]
[EventDate "2020.05.12"]
[EventType "swiss (blitz)"]
[EventRounds "10"]
[EventCountry "USA"]
[SourceTitle "EXT 2021"]
[Source "ChessBase"]
[SourceDate "2020.10.23"]
[SourceVersion "1"]
[SourceVersionDate "2020.10.23"]
[SourceQuality "1"]

1. e4 g6 2. d4 Bg7 3. Nc3 d6 4. Nf3 Nf6 5. h3 0-0 6. Be3 c6 7. Qd2 b5 8. Bd3 Nbd7 9. Bh6 e5 10. Bxg7 Kxg7 11. 0-0-0 Qa5 12. Kb1 Rb8 13. g4 b4 14. Ne2 exd4 15. Nexd4 Qb6 16. Qf4 Nc5 17. g5 Ne8 18. h4 Na4 19. h5 Nc3+ 20. bxc3 bxc3+ 21. Nb3 a5 22. hxg6 fxg6 23. Qh4 Kf7 24. Bc4+ d5 25. Qxh7+ Ng7 26. Ne5+ Ke6 27. exd5+ Kxe5 28. Rhe1+ Kf4 29. Qxg7 Bf5 30. Rd4+ Kxg5 31. Qe7+ Kh6 32. Rh4# 1-0

[Event "Titled Tuesday intern op 5th May"]
[Site "Chess.com INT"]
[Date "2020.05.05"]
[Round "4"]
[White "Borodavkin, Anatoly"]
[Black "Dragomirescu, Calin"]
[Result "0-1"]
[WhiteElo "2091"]
[BlackElo "2064"]
[PlyCount "60"]
[EventDate "2020.05.05"]
[EventType "swiss (blitz)"]
[EventRounds "10"]
[EventCountry "USA"]
[SourceTitle "EXT 2021"]
[Source "ChessBase"]
[SourceDate "2020.10.23"]
[SourceVersion "1"]
[SourceVersionDate "2020.10.23"]
[SourceQuality "1"]

1. e4 g6 2. d4 Bg7 3. f4 d6 4. Nf3 Nf6 5. Bd3 Na6 6. Nc3 0-0 7. 0-0 c5 8. d5 Rb8 9. Be3 Nc7 10. a4 a6 11. Be2 b5 12. axb5 axb5 13. e5 Ng4 14. Bc1 dxe5 15. h3 Nh6 16. fxe5 Nf5 17. g4 Ng3 18. Re1 Nxe2+ 19. Rxe2 b4 20. d6 bxc3 21. bxc3 exd6 22. exd6 Nb5 23. Bg5 Qxd6 24. Qxd6 Nxd6 25. Bf4 Rb6 26. Rd1 Nb5 27. Re7 Re6 28. Rc7 Nxc7 29. Bxc7 Bb7 30. Rd7 Bxf3 0-1